Les 15 plus importantes armées de l'air du monde - Statistiques

Statistiques générales
  • Ce quiz a été pris 817 fois
  • Le résultat moyen est 12 sur 15
Statistiques - réponses
Effectif
2021
Pays
Aéronefs
2022
% Correct
2 331 400 Etats-Unis 13591
100%
1 395 000 Chine 5375
99%
13 40 450 France 1119
99%
3 165 000 Russie 3463
98%
4 139 850 Inde 2428
91%
10 46 900 Japon 1454
88%
7 67 500 Brésil 764
82%
8 65 000 Corée-du-Sud 1274
81%
5 110 000 Corée-du-Nord 1271
76%
6 70 000 Pakistan 1003
74%
14 39950 Italie 921
71%
15 37 000 Iran 919
66%
9 50 000 Turquie 1162
66%
12 45 000 Ukraine 310
54%
11 46 000 Thaïlande 693
37%
Aucun quiz correspondant
Distribution des résultats
% des personnes avec chaque résultat
Percentile par nombre de réponses
Votre historique - résultats
Vous n’avez pas pris ce quiz